000 00598nam a2200181Ia 4500
008 100920s9999 xx 000 0 und d
082 _b74067
_a28 व 539 थ 95
100 _aजाखडे अरूण.
245 _aविश्वरूपी रबर.
260 _bअभिनुजा प्रकाशन, पुणे.
_c1995
300 _a31
_bसाधी
365 _b16
520 _aबा.वि.शाआ.
630 _aविश्वरूपी रबर.
650 _aबा.वि.शाआ.
730 _aविश्वरूपी रबर.
942 _cBOOK
999 _c715686
_d715683